LEADER 01187nam a2200277 4500 001 000000359388 003 CaOOAMICUS 005 20240814152844.0 008 240814s2024 it 000 u ita r 020 $a978-88-10-97885-6 040 $aSeMil$bita 100 1 $aD'Aquino, Margherita.$0(OLS)http://semarc/name/120223 245 10$aTrascrivere un bacio :$bla teologia sponsale di Christophe Lebreton /$cMargherita D'Aquino. 264 1$aBologna :$bEDB,$c2024. 300 $a143 p. ;$c21 cm 490 1 $aTeologia 504 $aBibliografia, p. 119-139 600 14$aLebreton, Christophe .$0(OLS)http://semarc/subject/54794 650 4$aTrappisti - Tibhirine .$0(OLS)http://semarc/subject/54838 830 0$aTeologia .$0(OLS)http://semarc/title/447731 850 $aSeMil 852 $aSeMil$W1$xVenegono$y1$m2MA A 17$j250300$B250461$CSeMilBibl$Z2$F250461 $81 996 $6020$a978-88-10-97885-6$9(OLS)http://semarc/number/301041 996 $6245$aTrascrivere un bacio :$bla teologia sponsale di Christophe Lebreton$9(OLS)http://semarc/title/449852 996 $6264$aBologna :$bEDB$9(OLS)http://semarc/publisher/29669 LEADER 00865nam a2200217 i 4500 001 000000056261 003 CaOOAMICUS 005 20150427000000.0 008 150427s1832 it u000 u ita u 013 $a27433 040 $aSeMil$bita 245 10$aLitanie su diversi misteri e argomenti divoti /$craccolte da Ermes Visconti. 260 $aMilano :$bVincenzo Ferrario,$c1832. 300 $a136 p. ;$c18 cm. 650 4$aLitanie - Liturgia.$0(OLS)http://semarc/subject/7643 700 1 $aVisconti, Ermes.$0(OLS)http://semarc/name/14718 850 $aSeMil 852 $aSeMil$W1$xVenegono$y1$m3F I 31 FA$j22415$B22415$CSeMilBibl$Z2$F22417 $8I 961 $aOmaggio: Biblioteca Villoresi 996 $6245$aLitanie su diversi misteri e argomenti divoti$9(OLS)http://semarc/title/87417 996 $6260$aMilano :$bVincenzo Ferrario$9(OLS)http://semarc/publisher/36491